<?xml version="1.0" encoding="UTF-8"?>
<marc:record xmlns:marc="http://www.loc.gov/MARC21/slim">
   <marc:leader>00000nam a2200000 a 4500</marc:leader>
   <marc:datafield ind1="1" ind2=" " tag="100">
      <marc:subfield code="a">Murnberger, Wolfgang</marc:subfield>
      <marc:subfield code="4">ctb</marc:subfield>
      <marc:subfield code="e">Mitwirkende/-r</marc:subfield>
   </marc:datafield>
   <marc:datafield ind1=" " ind2=" " tag="653">
      <marc:subfield code="a">ORF Edition</marc:subfield>
   </marc:datafield>
   <marc:datafield ind1=" " ind2=" " tag="653">
      <marc:subfield code="a">Krimi</marc:subfield>
   </marc:datafield>
   <marc:datafield ind1=" " ind2=" " tag="653">
      <marc:subfield code="a">Video / Kunst/Fotografie</marc:subfield>
   </marc:datafield>
   <marc:datafield ind1=" " ind2=" " tag="653">
      <marc:subfield code="a">Film</marc:subfield>
   </marc:datafield>
   <marc:datafield ind1=" " ind2=" " tag="653">
      <marc:subfield code="a">Video</marc:subfield>
   </marc:datafield>
   <marc:datafield ind1=" " ind2=" " tag="653">
      <marc:subfield code="a">TV</marc:subfield>
   </marc:datafield>
   <marc:datafield ind1=" " ind2=" " tag="653">
      <marc:subfield code="a">DVD-Video</marc:subfield>
   </marc:datafield>
   <marc:datafield ind1="0" ind2="0" tag="245">
      <marc:subfield code="a">Steirerblut</marc:subfield>
   </marc:datafield>
   <marc:datafield ind1="0" ind2="0" tag="245">
      <marc:subfield code="b">Landkrimi Steiermark</marc:subfield>
   </marc:datafield>
   <marc:datafield ind1=" " ind2="1" tag="264">
      <marc:subfield code="a">Wien</marc:subfield>
      <marc:subfield code="b">Hoanzl</marc:subfield>
      <marc:subfield code="c">2014</marc:subfield>
   </marc:datafield>
   <marc:datafield ind1="1" ind2=" " tag="490">
      <marc:subfield code="a">ORF Edition Film</marc:subfield>
   </marc:datafield>
   <marc:datafield ind1="1" ind2=" " tag="520">
      <marc:subfield code="a">Angaben aus der Verlagsmeldung

Steirerblut : Landkrimi Steiermark

Nach dem Roman „Steirerblut“ von Claudia Rossbacher, erschienen im Gmeiner Verlag

Die junge Sandra Mohr (Miriam Stein) soll in ihrem Heimatdorf einen brutalen Mord aufklären. Sie hat vor Jahren das abgelegene, steirische St. Stephan verlassen und wird im Zuge der Ermittlungen mit ihrer ungeliebten Vergangenheit konfrontiert. Ihr neuer Chef Sascha Bergmann (Hary Prinz), ein zynischer Macho, erleichtert ihr das nicht unbedingt. Aber auf Grund ihrer Kenntnisse um die dunklen Geheimnisse St. Stephans weiß Sandra - und überzeugt davon auch Sascha: der Fall ist genau deswegen ihrer! Das wird sie bald bitter bereuen.
Mit: Miriam Stein, Hary Prinz, Thomas Stipsits, August Schmölzer, Aglaja Szyszkowitz, Robert Stadlober, Andreas Kiendl, Margarethe Tiesel, Magdalena Kronschläger, Hans Michael Rehberg, Michael Rast, Julia Cencig, Johannes Silberschneider, Raimund Wallisch, Irma Wagner, Josef Forster u.a.
</marc:subfield>
   </marc:datafield>
   <marc:datafield ind1=" " ind2=" " tag="041">
      <marc:subfield code="a">ger</marc:subfield>
   </marc:datafield>
   <marc:datafield ind1=" " ind2=" " tag="300">
      <marc:subfield code="a">DVD-Videos</marc:subfield>
   </marc:datafield>
</marc:record>
